Bombay finance, 1921-1946 (Record no. 372009)

000 -LEADER
fixed length control field 00417cam a22001337a 4500
008 - FIXED-LENGTH DATA ELEMENTS--GENERAL INFORMATION
fixed length control field 180718b1947 xxu||||| |||| 00| 0 eng d
082 ## - DEWEY DECIMAL CLASSIFICATION NUMBER
Classification number Lx5442 J78
100 ## - MAIN ENTRY--PERSONAL NAME
Personal name Joshi, T.M.
245 ## - TITLE STATEMENT
Title Bombay finance, 1921-1946
Statement of responsibility, etc. by T.M. Joshi
260 ## - PUBLICATION, DISTRIBUTION, ETC.
Place of publication, distribution, etc. Poona
Name of publisher, distributor, etc. Gokhale Institute
Date of publication, distribution, etc. 1947
300 ## - PHYSICAL DESCRIPTION
Extent 220p.
500 ## - GENERAL NOTE
General note Gokhale Institute of Politics and Economics, Publication no. 16
650 ## - SUBJECT ADDED ENTRY--TOPICAL TERM
Topical term or geographic name entry element State finance - India - Bombay
Holdings
Withdrawn status Lost status Damaged status Not for loan Permanent Location Current Location Date acquired Full call number Barcode Date last seen Price effective from Koha item type
        Indian Institute of Public Administration Indian Institute of Public Administration 1994-06-13 Lx5442 J78 13885 2018-07-21 2018-07-21 Book

Powered by Koha